zpět

Detail výsledku týmu

Bounty Rock Cafe, Olomouc

Datum a čas kvízu

24 Celkem bodů Celkový počet nahraných bodů na tomto kvízu bez doplňovacích otázek.
6. Pořadí na kvízu Konečné umístění týmu na tomto kvízu.

Zaznamenané odpovědi

# Otázka Odpověď Body Výsledky
1. Minulý týden vydalo české vývo... Kingdom Come (Deliverance II) 1
2. Český řidič kamionu v pondělí... B) do běžkařské stopy 0
3. Britská kapela, která byla zal... Black Sabbath 1
4. Jedna japonská automobilka ve... Nissan, Honda 0
5. Tento osmnáctiletý český rychl... Metoděj Jílek 0
6. Kterým podstatným jménem se oz... bakteriofágy/fágy 1
7. Který zvířecí přívlastek získa... prasečí 1
8. Přiřaďte viry k onemocněním, k... 1A 2B 3C 4D 1
9. Viry mají svou genetickou info... U (uracil) 1
10. V oblíbené ptačí rezervaci z n... Pandemie 0